000 00692cam a22002533a 4500
001 29458
003 PGUSA
005 20140828083634.0
008 090719s2009||||xxu|||||s|||||000 1 eng d
040 _aPGUSA
_beng
042 _adc
050 4 _aPS
100 1 _aSheckley, Robert,
_d1928-2005
245 1 0 _aCost of Living
_h[electronic resource] /
_cRobert Sheckley
260 _bProject Gutenberg,
_c2009
506 _aPublic domain in the USA.
516 _aElectronic text
653 _aShort stories
653 _aScience fiction
700 1 _aEmshwiller, Ed,
_d1925-1990
830 0 _aProject Gutenberg
_v29458
856 4 0 _uhttp://www.gutenberg.org/ebooks/29458
942 _cEB
999 _c258713
_d258713